000 00728nam a2200205 a 4500
001 BRCA_1100
005 20190320203258.0
008 970620s1996----mx-a---##b---#000-0#spa-#
020 _a9686120343 (v.1)
040 _aDLC
_cDLC
050 4 _aNA5257.M4
_b.A44 1996
100 1 _aAmerlinck de Corsi, María Concepción
_93618
245 1 0 _aEl ex convento hospitalario de betlemitas
_cMaría Concepción Amerlinck de Corsi.
260 _aMéxico
_bBanco de México
_c1996-
300 _a235 p.
_bil. (algunas a color)
_c31 cm.
504 _aBibliografía: p. 233-235 (v.1)
610 2 4 _aHospital de Nuestra Señora de Belén y San Francisco Xavier
_xHistoria
_93619
650 1 4 _aHospitales
_xHistoria
_zMéxico
_93620
942 _2lcc
_cB
999 _c979
_d979